| 000 | 00497nam a2200157 4500 | ||
|---|---|---|---|
| 001 | 112079 | ||
| 003 | ES-MaACL | ||
| 005 | 20230906185428.0 | ||
| 007 | t| | ||
| 008 | 061121s1972 sp r ||||1| spa d | ||
| 100 | 1 |
_aNicolás, Adolfo de. _985562 |
|
| 245 | 1 | 0 |
_aTeología del progreso _b: génesis y desarrollo en los teólogos católicos contemporáneos / _cAdolfo de Nicolás. |
| 260 |
_aSalamanca : _bSígueme, _c1972. |
||
| 300 |
_a416 p. ; _c19 cm. |
||
| 852 |
_aES-MaACL _jC-42825 _bR.82538 |
||
| 999 |
_c112079 _d112079 |
||